000 00210 a2200109 4500
001 44142
040 _cAnchieta - Aquarius
240 1 0 _aPé com pé
_l
245 1 0 _aPé com pé
650 4 _aMúsica
942 _cMU
999 _c44142
_d44142